Normal view
MARC view
- Rathgeber, Holger.
Entry Personal Name
001 - CONTROL NUMBER
- control field: 8964
003 - CONTROL NUMBER IDENTIFIER
- control field: OSt
005 - DATE AND TIME OF LATEST TRANSACTION
- control field: 20170726153750.0
008 - FIXED-LENGTH DATA ELEMENTS
- fixed length control field: 170726|| aca||aabn | a|a d
040 ## - CATALOGING SOURCE
- Original cataloging agency: OSt
- Transcribing agency: OSt
100 ## - HEADING--PERSONAL NAME
- Personal name: Rathgeber, Holger.
670 ## - SOURCE DATA FOUND
- Source citation: Work cat.: (OSt): Kotter, John P., 1947- 5751, Our iceberg is melting :, 2013.

PORTAL AKMAL
E-MEL JKDM
AKMAL2U
G-BAM
u-PUSTAKA